01968cam a22002775a 45000010009000000050017000090080041000260200030000670400033000970820020001301000033001502450113001832600052002963000035003485000024003835040041004075200942004486500033013906500034014236510010014576530021014677000024014889420008015129990017015209520153015371814914620160721120118.0140512s2014 enka frb f001 0 eng d a9781107665088 (paperback) aDLCbengcDLCdDLCdEG-ScBUE04222a333.79bSOV1 aSovacool, Benjamin K.94038010aGlobal energy justice :bproblems, principles, and practices /cBenjamin K. Sovacool and Michael H. Dworkin. aCambridge :bCambridge University Press,c2014. axxii, 391 p. :bill. ;c23 cm. aIndex : p. 378-391. aIncludes bibliographical references. a"We need new ways of thinking about, and approaching, the world's energy problems. Global energy security and access is one of the central justice issues of our time, with profound implications for happiness, welfare, freedom, equity, and due process. This book combines up-to-date data on global energy security and climate change with fresh perspectives on the meaning of justice in social decision-making. Benjamin K. Sovacool and Michael H. Dworkin address how justice theory can help people to make more meaningful decisions about the production, delivery, use, and effects of energy. Exploring energy dilemmas in real-life situations, they link recent events to eight global energy injustices and employ philosophy and ethics to make sense of justice as a tool in the decision-making process. They go on to provide remedies and policies that planners and individuals can utilize to create a more equitable and just energy future"-- 7aEnergy policy.2BUEsh928633 7aSocial Justice.2BUEsh910427 2BUEsh bLLAAWWcJuly20161 aDworkin, Michael H. 2ddc c21994d21966 00102ddc40708BaccahaMAINbMAINc1STd2016-07-21ePurchaseg621.00h26080l1o333.79 SOVp000032967r2025-07-15 00:00:00s2016-10-13v776.25yBB